Στοχαστικά μοντέλα στις ασφαλίσεις ασθένειας : πτυχιακή εργασία

Διαπραγματεύεται την ασφάλιση ανικανότητας με τη χρήση στοχαστικών μοντέλων. Υπολογίζονται και γίνεται εκτίμηση των πιθανοτήτων μετάβασης και δίνονται οι Kolmogorov εξισώσεις. Τέλος γίνεται εξομάλυνση μέσω γευνικευμένων γραμμικών μοντέλων....

Πλήρης περιγραφή

Αποθηκεύτηκε σε:
Λεπτομέρειες βιβλιογραφικής εγγραφής
Κύριος συγγραφέας: Κυνηγός, Άγγελος
Συγγραφή απο Οργανισμό/Αρχή: Πανεπιστήμιο Αιγαίου. Σχολή Θετικών Επιστημών. Τμήμα Στατιστικής και Αναλογιστικών-Χρηματοοικονομικών Μαθηματικών
Μορφή: Thesis Βιβλίο
Γλώσσα:Greek
Δημοσίευση: 2011.
Θέματα:
Διαθέσιμο Online:http://hdl.handle.net/11610/8081
Ετικέτες: Προσθήκη ετικέτας
Δεν υπάρχουν, Καταχωρήστε ετικέτα πρώτοι!

MARC

LEADER 00000cam a2200000 i 4500
001 1/15726
008 111013s2011 gr | ||| |||| ||gre||
035 |l 10111095 
040 |a GR-MyUA  |b gre  |e AACR2 
041 0 |a gre 
082 0 |a 368.382   |2 (22) 
100 1 |a Κυνηγός, Άγγελος. 
245 1 0 |a Στοχαστικά μοντέλα στις ασφαλίσεις ασθένειας :   |b πτυχιακή εργασία /   |c Αγγελος Κυνηγός ; επιβλέπων καθηγητής Γιώργος Μαυριδόγλου.  
260 |c 2011.  
300 |a 61 σ. :   |b πιν. ;   |c 30 εκ.  
500 |a Μέλη της εξεταστικής επιτροπής: Μαυριδόγλου Γιώργος, Ζήμερας Στέλιος, Χατζόπουλος Πέτρος.  
502 |a Πτυχιακή εργασία – Πανεπιστήμιο Αιγαίου, Σάμος, 2011. 
504 |a Βιβλιογραφία: σ. 61.  
506 0 |a Διάθεση πλήρους κειμένου - Ελεύθερη πρόσβαση.  
520 |a Διαπραγματεύεται την ασφάλιση ανικανότητας με τη χρήση στοχαστικών μοντέλων. Υπολογίζονται και γίνεται εκτίμηση των πιθανοτήτων μετάβασης και δίνονται οι Kolmogorov εξισώσεις. Τέλος γίνεται εξομάλυνση μέσω γευνικευμένων γραμμικών μοντέλων. 
610 2 0 |a University of the Aegean  |x Dissertations. 
650 0 0 |a Insurance, Disability. 
650 0 0 |a Stochastic models. 
650 0 0 |a Dissertations, Academic  |z Greece. 
700 0 |a Μαυριδόγλου, Γεώργιος,  |e dgs 
710 2 |a Πανεπιστήμιο Αιγαίου.   |b Σχολή Θετικών Επιστημών.   |b Τμήμα Στατιστικής και Αναλογιστικών-Χρηματοοικονομικών Μαθηματικών. 
852 |a INST  |b SAMOS  |c DIATR  |e 20111013  |h 368.382 ΚΥΝ  |p 005300032421  |q 005300032421  |t DIE  |y 23 
852 |a INST  |b SAMOS  |c DIATR  |e 20111013  |h 368.382 ΚΥΝ  |p 005300032422  |q 005300032422  |t DIE  |y 23 
856 |u http://hdl.handle.net/11610/8081 
901 |a BIBL3-2011-3 
909 |a Σ  |b 167396 
909 |a Σ  |b 167397 
924 |a ΚΥΝΗΓΟΣ  |b ΑΓΓΕΛΟΣ  |y Σάμος  |z 2011-09 
970 |a ΚΟΣΙΕΡΗΣ  |b ΧΡΗΣΤΟΣ  |z 2011/10/13